Annual report 2007 : (Registro nro. 8077)

Detalles MARC
000 -CABECERA
Campo de control 00475nmm a22001697a 4500
005 - FECHA Y HORA DE LA ULTIMA TRANSACCION
Campo de control 20180803165524.0
008 - ELEMENTOS DE LONGITUD FIJA—INFORMACION GENERAL
Campo de control 131217b2008 ||||| |||| 00| 0 eng d
041 ## - IDIOMA
Código de idioma para texto/pista de sonido o título separado Inglés
090 ## - CLASIFICACIÓN LOCAL
Colección LB
Consecutivo 05876
110 ## - ASIENTO PRINCIPAL--NOMBRE CORPORATIVO
Nombre corporativo o de jurisdicción como elemento de entrada CIAT
245 ## - MENCION DE TITULO
Título Annual report 2007 :
Parte restante del título sharing benefits of agrobiodiversitys
260 ## - PUBLICACION, DISTRIBUCION, ETC. (PIE DE IMPRENTA)
Lugar de publicación, distribución, etc. s.l.
Nombre del editor, distribuidor, etc. CIAT
Fecha de publicación, distribución, etc. 2008
300 ## - DESCRIPCION FISICA
Extensión 426
Otros detalles físicos il., gráficas, cuadros,
Dimensiones 13 cm
504 ## - NOTA DE BIBLIOGRAFIA, ETC.
Nota de bibliografía Incluye referencias
505 ## - NOTA DE CONTENIDO
Nota de contenido Incluye tabla de contenido
942 ## - ELEMENTOS ADICIONALES (KOHA)
Sistema de clasificación Local
Tipo de ítem CD-ROM
Existencias
Withdrawn status Lost status Sistema de Clasificación Damaged status No para préstamo Colección Ubicación Permanente Ubicación actual Fecha de adquisición Total Checkouts Número topográfico Inventario / Código de Barras Date last seen Ejemplar Price effective from Forma de adquisición Tipo de material
    Local     Audiovisual Bogotá Bogotá 17/12/2013   LB-05876 059400 17/12/2013 Ej. 1 17/12/2013   CD-ROM